| 000 | 00694nam a2200229 4500 | ||
|---|---|---|---|
| 999 |
_c13198 _d13198 |
||
| 003 | MIRAKIL | ||
| 005 | 20190425160906.0 | ||
| 008 | 190425b tu ||||| |||| 00| 0 tur d | ||
| 020 | _a9789944612074 | ||
| 040 |
_aTR-AnCHP _cTR-AnCHP |
||
| 041 | _atur | ||
| 082 |
_a342.56103 _bK21o 2017 |
||
| 100 | 1 | _aKaboğlu, İbrahim Ö. | |
| 245 | 1 | 0 |
_a15 temmuz anayasası : _bNedenleri, süreci ve olası sonuçları / _cİbrahim Ö. Kaboğlu. |
| 260 |
_aİstanbul : _bTekin yayınevi , _c2017. |
||
| 300 |
_a285 s. : _c21 sm. |
||
| 490 | 0 |
_aTekin yayınevi ; _v662. |
|
| 500 | _aYapıt yazarından imzalıdır. | ||
| 504 | _aDizin vardır. | ||
| 650 | 0 |
_965 _aAnayasa _xTürkiye |
|
| 942 |
_2ddc _cBKS |
||